| 000 | 01060pam a2200325 i 4500 | ||
|---|---|---|---|
| 999 |
_c2470 _d2470 |
||
| 001 | 019516457 | ||
| 003 | UkOxU | ||
| 005 | 20230602124245.0 | ||
| 008 | 130225r20132007enka j 000 1 eng d | ||
| 015 |
_aGBB320509 _2bnb |
||
| 020 | _a9781848775053 (pbk.) : | ||
| 035 | _a(Uk)016295488 | ||
| 040 |
_aStDuBDS _beng _cStDuBDS _dUk _dKH8 _erda |
||
| 042 | _aukblcatcopy | ||
| 082 | 0 | 4 |
_a823.92 WAR _223 |
| 100 | 1 |
_aWard, Helen, _d1962- _eauthor. |
|
| 245 | 1 | 0 |
_aVarmints / _cauthor, Helen Ward ; illustrator, Marc Craste. |
| 264 | 1 |
_aDorking : _bTemplar Publishing, _c2013. |
|
| 300 |
_a1 volume (unpaged) : _bchiefly illustrations (colour) ; _c32 cm |
||
| 336 |
_atext _2rdacontent |
||
| 336 |
_astill image _2rdacontent |
||
| 337 |
_aunmediated _2rdamedia |
||
| 338 |
_avolume _2rdacarrier |
||
| 500 | _aOriginally published: 2007. | ||
| 500 |
_aFormerly CIP. _5Uk |
||
| 650 | 0 |
_aLandscape protection _vPictorial works _vJuvenile fiction. |
|
| 655 | 7 |
_aChildren's stories _vPictorial works. _2gsafd |
|
| 700 | 1 |
_aCraste, Marc, _eartist. |
|
| 942 |
_2ddc _cNFIC |
||